00318pab a2200121 454500008004000000100002300040245005400063260000900117300001300126362001100139650002600150773002000176180718b2014 xxu||||| |||| 00| 0 eng d aChindhade, Shirish aUnderstanding institutional social responsibility c2014 ap.29-33. a20 Jan aSocial responsibility aUniversity News